00867 a2200205 4500003000500000005001700005040000900022082001200031100003900043245016900082260002100251300001500272505018500287538003000472650001600502651001100518942000800529999001900537952010500556Nust20170207153549.0 cNust a621.382 aKhurshid, Maj Syed Moeen (MSEE-3) aTo develop a microprocessor controlled ranging system for a height lock mechanism of an RPV in the range of 20-25 meters above ground levelcMaj Syed Moeen Khurshid bMCScApril, 1999 axiv, 105 p aIntroduction (page-1), Remotely piloted vehicles (page-5), Propagation theory (page-16), Ranging techniques (page-31), Design philosophy (page-54), 8051 Microcontroller (page-79).  aAlmirah no 72 shelf no. 1 aMSEE Thesis aMSEE-3 cTHS c188787d188787 00102ddc40708NFICaMCSbMCSd2016-12-12l0o621.382 KHUpMCSTEE-187r2016-12-08w2016-12-12yBK